| 000 | 00666cam a22002414a 4500 | ||
|---|---|---|---|
| 001 | 12526384 | ||
| 005 | 20180112041417.0 | ||
| 008 | 010905s2002 nyuab 001 0 eng | ||
| 010 | _a 2001047634 | ||
| 020 | _a0789483807 | ||
| 040 |
_aDLC _cDLC _dDLC |
||
| 041 | _aeng | ||
| 042 | _apcc | ||
| 080 | _a635 | ||
| 082 | 0 | 0 |
_a635 GRE _221 |
| 100 | 1 | _a9 | |
| 101 | _aMJE | ||
| 245 | 1 | 0 |
_aAHS garden problem solver / _cPippa Greenwood. |
| 246 | 3 | 0 | _aGarden problem solver |
| 906 |
_a7 _bcbc _corignew _d1 _eocip _f20 _gy-gencatlg |
||
| 942 |
_2ddc _cBK |
||
| 999 |
_c40174 _d40174 |
||